[Event "?"]
[Site "ICS Rated blitz match, 192.23"]
[Date "1997.??.??"]
[Round "?"]
[White "Brause"]
[Black "oldtimer"]
[Result "0-1"]
[WhiteElo "2565"]
[BlackElo "2590"]
[PlyCount "208"]

1. e4 e5 2. Nf3 Nc6 3. Nc3 Nf6 4. Nxe5 Nxe5 5. d4 Ng6 6. e5 Ng8 7. Bc4 d5 8.
Nxd5 N8e7 9. Ne3 c6 10. O-O Nf4 11. c3 Ned5 12. Qf3 Be6 13. Nf5 Bxf5 14. Bxf4
Be6 15. Bd2 f5 16. exf6 Qxf6 17. Qxf6 gxf6 18. Rae1 Kf7 19. Bd3 Bd6 20. f4 f5
21. a3 Rae8 22. Rf2 b5 23. Ra1 Nb6 24. Re1 Kf6 25. Rfe2 Re7 26. Kf2 Rhe8 27. h3
Bc4 28. Rxe7 Rxe7 29. Rxe7 Bxe7 30. Bc2 h5 31. Bd1 Kg6 32. g4 hxg4 33. hxg4
fxg4 34. Bxg4 Bh4+ 35. Ke3 Nd5+ 36. Kf3 Nf6 37. Bc8 Bd5+ 38. Ke2 Ne4 39. Bd7
Nd6 40. Be3 Nf5 41. Kd3 Nxe3 42. Kxe3 Kf6 43. Bg4 Ke7 44. Bd1 Be1 45. Bc2 Kf6
46. Bd3 Bg3 47. Bh7 a5 48. Bc2 a4 49. Bb1 Bh4 50. Bc2 Kg7 51. Bd1 Kg6 52. Bg4
Bh1 53. Be2 Kf5 54. Bd3+ Ke6 55. Bg6 Bg2 56. Bh5 Bh3 57. Bf3 Kd6 58. Be4 Be6
59. Kf3 Bf6 60. Bd3 Bd7 61. Bc2 Bh3 62. Kg3 Be6 63. Be4 c5 64. f5 Bd5 65. Bxd5
Kxd5 66. dxc5 Kxc5 67. Kg4 Kd6 68. Kf4 Kd5 69. Ke3 Kc4 70. Kd2 Bg5+ 71. Kc2 Bh4
72. Kd2 Kb3 73. Kc1 Bf6 74. Kb1 Bg5 75. f6 Bxf6 76. Ka1 Bg5 77. Kb1 Bf4 78. c4
Kxc4 79. Kc2 Be5 80. Kc1 Kb3 81. Kd2 Bxb2 82. Ke3 Kxa3 83. Ke2 Kb3 84. Ke3 a3
85. Kf3 a2 86. Kf2 a1=Q 87. Ke3 Qa4 88. Kf3 Qh4 89. Ke3 Qf6 90. Ke4 Kc4 91. Ke3
Qf5 92. Ke2 Qf4 93. Ke1 Qf3 94. Kd2 Qe4 95. Kd1 Bc3 96. Kc1 Qe2 97. Kb1 Kb3 98.
Kc1 Ka3 99. Kb1 b4 100. Kc1 b3 101. Kb1 Bb4 102. Kc1 Bd2+ 103. Kb1 Qd3+ 104.
Ka1 b2# 0-1

[Event "?"]
[Site "ICS Rated blitz match, 192.23"]
[Date "1997.??.??"]
[Round "?"]
[White "Brause"]
[Black "evbad"]
[Result "1/2-1/2"]
[WhiteElo "2550"]
[BlackElo "2360"]
[PlyCount "119"]

1. e4 e5 2. Nf3 Nc6 3. Nc3 Nf6 4. Nxe5 Nxe5 5. d4 Nc6 6. d5 Bb4 7. Bg5 h6 8.
Bf4 Nxe4 9. Qd3 Bxc3+ 10. bxc3 O-O 11. dxc6 bxc6 12. Qxe4 Re8 13. Be5 d6 14.
O-O-O Bd7 15. Bd3 f5 16. Qc4+ Be6 17. Qxc6 dxe5 18. Bc4 Qf6 19. Bxe6+ Qxe6 20.
Qxe6+ Rxe6 21. Rd7 Rc8 22. Rhd1 Rf6 23. Re7 Rd6 24. Rxd6 cxd6 25. Rxa7 Rxc3 26.
Ra6 d5 27. Ra5 d4 28. Kd2 e4 29. Rxf5 Ra3 30. Rd5 e3+ 31. Ke2 Rxa2 32. Rxd4
Rxc2+ 33. Kxe3 Kh7 34. h4 h5 35. Rd5 g6 36. Rd7+ Kh6 37. g3 Rc3+ 38. Ke4 Rc4+
39. Ke5 Rc5+ 40. Kd4 Rf5 41. Ke3 Re5+ 42. Kd2 Rf5 43. Ke2 Re5+ 44. Kd3 Rf5 45.
f4 Ra5 46. Ke4 Ra4+ 47. Ke3 Ra3+ 48. Rd3 Ra4 49. Kf3 Rb4 50. Rd7 Rb3+ 51. Kf2
Rb2+ 52. Ke3 Rb3+ 53. Rd3 Rb4 54. Kd2 Rb2+ 55. Kc3 Re2 56. Kd4 Ra2 57. Rc3 Ra4+
58. Ke5 Ra5+ 59. Ke4 Ra4+ 60. Kd5 1/2-1/2

[Event "?"]
[Site "ICS Rated blitz match, 192.23"]
[Date "1997.??.??"]
[Round "?"]
[White "Brause"]
[Black "evbad"]
[Result "1/2-1/2"]
[WhiteElo "2540"]
[BlackElo "2370"]
[PlyCount "123"]

1. e4 e5 2. Nf3 Nc6 3. Nc3 Nf6 4. Nxe5 Nxe5 5. d4 Nc6 6. d5 Bb4 7. dxc6 Nxe4 8.
Qd4 Bxc3+ 9. bxc3 O-O 10. Bd3 d5 11. O-O bxc6 12. Bxe4 dxe4 13. Qxe4 Qd5 14.
Qa4 Be6 15. Be3 Qb5 16. Qa3 Rfd8 17. Rfb1 Qe2 18. Qa4 Bd5 19. Bxa7 h5 20. f3 h4
21. Qxh4 Qxc2 22. Bd4 Rd6 23. a4 Rg6 24. Qf2 Qd3 25. Kh1 Re8 26. Re1 Rge6 27.
Rxe6 Rxe6 28. Qg3 Rg6 29. Qf2 Re6 30. Qb2 Re2 31. Qb8+ Kh7 32. Qb1 Qxb1+ 33.
Rxb1 Ra2 34. Rb4 Ra1+ 35. Bg1 c5 36. Rh4+ Kg8 37. Rh5 c6 38. c4 Bxc4 39. Rxc5
Bb3 40. a5 Bd5 41. h3 g5 42. Kh2 f5 43. Be3 f4 44. Bd4 Ra2 45. Kg1 Kf7 46. Be5
Ke6 47. Bc7 Ra1+ 48. Kh2 Ra2 49. Rc3 Kd7 50. Bb6 Ke6 51. Bd8 Kf5 52. Bc7 Ke6
53. Rd3 Kf5 54. Bb6 Ke6 55. Rc3 Kf5 56. Rc5 Ke6 57. Bc7 Kf5 58. Bd8 Kg6 59. Rc1
Kf5 60. Kg1 Kg6 61. Kh1 Kf5 62. Rc5 1/2-1/2

[Event "?"]
[Site "ICS Rated blitz match, 192.23"]
[Date "1997.??.??"]
[Round "?"]
[White "Brause"]
[Black "evbad"]
[Result "1-0"]
[WhiteElo "2535"]
[BlackElo "2375"]
[PlyCount "21"]

1. e4 e5 2. Nf3 Nc6 3. Nc3 Nf6 4. Nxe5 Nxe5 5. d4 Nc6 6. d5 Bb4 7. dxc6 bxc6 8.
Qd4 Bxc3+ 9. Qxc3 Qe7 10. Bd3 d5 11. Qxc6+ 1-0

[Event "?"]
[Site "ICS Rated blitz match, 192.23"]
[Date "1997.??.??"]
[Round "?"]
[White "Brause"]
[Black "evbad"]
[Result "1-0"]
[WhiteElo "2550"]
[BlackElo "2355"]
[PlyCount "121"]

1. e4 e5 2. Nf3 Nc6 3. Nc3 Nf6 4. Nxe5 Nxe5 5. d4 Nc6 6. d5 Bb4 7. dxc6 Nxe4 8.
Qd4 Bxc3+ 9. bxc3 O-O 10. Bd3 d5 11. O-O bxc6 12. Bxe4 dxe4 13. Qxe4 Qf6 14.
Bf4 Bf5 15. Qd4 Qxd4 16. cxd4 Bxc2 17. Rac1 Be4 18. Bxc7 Bd5 19. Rc2 Rfe8 20.
Rfc1 Rac8 21. Bd6 h6 22. f3 Re3 23. Kf2 Rce8 24. Rb1 Rd3 25. Bc5 a5 26. Rb7 a4
27. Ra7 a3 28. Ra4 Kh7 29. Bxa3 Rd1 30. Bc5 Ra1 31. Ra7 Ree1 32. a4 h5 33. a5
h4 34. h3 g5 35. Bb4 Red1 36. Ke3 Kg6 37. Bc3 Ra3 38. Rb7 f5 39. Ke2 Rg1 40.
Kf2 Rd1 41. Rb6 Rd3 42. Bb4 Ra4 43. a6 Rxd4 44. Bd6 Rd1 45. Be5 f4 46. Bh8 Kf5
47. Re2 Bc4 48. Re5+ Kg6 49. Rxc6+ Kh7 50. Rxc4 Rxc4 51. Bf6 Rc2+ 52. Re2 Rxe2+
53. Kxe2 Rd6 54. a7 Ra6 55. Bd4 Kg6 56. Kd3 Kf5 57. Kc4 Ke6 58. Kb5 Ra2 59. Bb6
Kd7 60. Ba5 Rb2+ 61. Ka6 1-0

[Event "?"]
[Site "ICS Rated blitz match, 192.23"]
[Date "1997.??.??"]
[Round "?"]
[White "Brause"]
[Black "EGIS"]
[Result "1-0"]
[WhiteElo "2580"]
[BlackElo "2080"]
[PlyCount "27"]

1. e4 e5 2. Nf3 Nc6 3. Nc3 Nf6 4. Nxe5 Nxe5 5. d4 Nc6 6. d5 Nb8 7. e5 Ng8 8. d6
cxd6 9. exd6 Qf6 10. Nb5 Na6 11. Bc4 Qe5+ 12. Be3 Nf6 13. O-O Ne4 14. Re1 1-0

[Event "?"]
[Site "ICS Rated blitz match, 192.23"]
[Date "1997.??.??"]
[Round "?"]
[White "Brause"]
[Black "EGIS"]
[Result "1-0"]
[WhiteElo "2580"]
[BlackElo "2080"]
[PlyCount "38"]

1. e4 e5 2. Nf3 Nc6 3. Nc3 Nf6 4. Nxe5 Nxe5 5. d4 Nc6 6. d5 Nb8 7. e5 Ng8 8. d6
cxd6 9. exd6 Qa5 10. Qe2+ Kd8 11. Be3 Bxd6 12. O-O-O Be7 13. Qc4 Nf6 14. Qxf7
Rf8 15. Qxg7 Nc6 16. Bc4 Qh5 17. f3 Qg6 18. Bh6 Qf5 19. Bd3 Qd5 1-0

[Event "?"]
[Site "ICS Rated blitz match, 192.23"]
[Date "1997.??.??"]
[Round "?"]
[White "Brause"]
[Black "oldtimer"]
[Result "0-1"]
[WhiteElo "2580"]
[BlackElo "2605"]
[PlyCount "282"]

1. e4 e5 2. Nf3 Nc6 3. Nc3 Nf6 4. Nxe5 Nxe5 5. d4 Ng6 6. e5 Ng8 7. Bc4 d5 8.
Nxd5 N8e7 9. Bg5 h6 10. Bxe7 Bxe7 11. Nxe7 Qxe7 12. O-O O-O 13. Qf3 c6 14. c3
Be6 15. Bxe6 fxe6 16. Qg3 Qf7 17. Rae1 Qf5 18. f3 Kh7 19. Re4 Rf7 20. Rfe1 h5
21. Qf2 Raf8 22. Qc2 Kh8 23. Qd2 Nf4 24. Qd1 h4 25. g3 hxg3 26. hxg3 Ng6 27.
Rg4 Ne7 28. f4 Kg8 29. Rg5 Qh7 30. Qg4 Rf5 31. Rxf5 Qxf5 32. Qxf5 Rxf5 33. Kg2
g5 34. fxg5 Rxg5 35. Re4 Rf5 36. g4 Rf8 37. Re2 Kg7 38. a3 Kg6 39. Kg3 Rf1 40.
Rh2 Ng8 41. Rh8 Kg7 42. Rh2 Rg1+ 43. Kf4 Nh6 44. Rh4 Rg2 45. b4 Ra2 46. a4 Rxa4
47. Rh5 Nf7 48. Rh1 Ra2 49. Rh3 Rc2 50. Rf3 Kg6 51. Kg3 Kg7 52. Kf4 Rg2 53. Rh3
Nh6 54. Kf3 Rg1 55. Rh2 Nxg4 56. Ra2 a6 57. Kf4 Kg6 58. Rd2 Nh6 59. Rh2 Rg4+
60. Kf3 Rg1 61. Kf4 Rg4+ 62. Kf3 Rg5 63. Kf4 Rh5 64. Rg2+ Kf7 65. Rc2 Nf5 66.
Rc1 Rh3 67. Kg5 Rg3+ 68. Kf4 Kg6 69. Rc2 Rg1 70. Ke4 Kg5 71. Rd2 Rg4+ 72. Kd3
Rg3+ 73. Kc4 b6 74. Kb3 Ne3 75. Rf2 Nd5 76. Rc2 b5 77. Rc1 Kf4 78. Rf1+ Ke4 79.
Rc1 Nb6 80. Re1+ Kd5 81. Re2 Na4 82. Rc2 Re3 83. Rc1 Nb6 84. Ra1 Nc4 85. Ra2
Re1 86. Rg2 Rb1+ 87. Ka2 Rd1 88. Rg7 Rd2+ 89. Ka1 Na3 90. Rg3 Kc4 91. Rh3 Rd3
92. Rxd3 Kxd3 93. Ka2 Nc4 94. Kb3 Nd2+ 95. Kb2 Ne4 96. Kb3 Nxc3 97. Kb2 Nd5 98.
Kc1 Nxb4 99. Kb2 Kxd4 100. Kc1 Kd3 101. Kb2 a5 102. Kc1 a4 103. Kb2 c5 104. Ka3
Nc2+ 105. Kb2 b4 106. Kb1 c4 107. Ka2 Nd4 108. Kb2 Kd2 109. Kb1 Nc6 110. Ka1
Nxe5 111. Kb1 Nd3 112. Ka2 e5 113. Ka1 Kc3 114. Ka2 e4 115. Ka1 Kb3 116. Kb1 e3
117. Ka1 e2 118. Kb1 e1=N 119. Ka1 Nf3 120. Kb1 Nde1 121. Kc1 Nc2 122. Kd1 Ncd4
123. Kc1 Ka2 124. Kd1 a3 125. Kc1 c3 126. Kd1 Kb3 127. Kc1 a2 128. Kd1 a1=N
129. Kc1 Nac2 130. Kb1 Ne3 131. Ka1 Ka3 132. Kb1 b3 133. Kc1 Ne2+ 134. Kb1 c2+
135. Ka1 c1=N 136. Kb1 Nd3 137. Ka1 Kb4 138. Kb1 Ka4 139. Ka1 Ka3 140. Kb1 Nc3+
141. Ka1 b2# 0-1

[Event "?"]
[Site "ICS Rated blitz match, 192.23"]
[Date "1997.??.??"]
[Round "?"]
[White "Brause"]
[Black "humanoid"]
[Result "1-0"]
[WhiteElo "2620"]
[BlackElo "2390"]
[PlyCount "119"]

1. e4 e5 2. Nf3 Nc6 3. Nc3 Nf6 4. Nxe5 Nxe5 5. d4 Ng6 6. e5 Ng8 7. Bc4 d5 8.
Nxd5 N8e7 9. Bg5 Be6 10. Nxe7 Bxe7 11. Bxe6 Bxg5 12. Bf5 O-O 13. Bxg6 hxg6 14.
O-O Qd5 15. Qg4 Be7 16. b3 Qe6 17. Qxe6 fxe6 18. Rad1 Rad8 19. c3 c5 20. Rd3
cxd4 21. cxd4 Rd5 22. Rc1 Rfd8 23. Rc7 R5d7 24. Rdc3 Rxd4 25. Kf1 R4d7 26. Ke2
Bb4 27. Rxd7 Rxd7 28. Rc8+ Kf7 29. Kf3 Ba5 30. h3 Bb6 31. Rc2 Ke7 32. g3 Rd5
33. Ke4 Rd4+ 34. Kf3 Rd3+ 35. Kf4 Kf7 36. h4 Rd5 37. g4 Ke7 38. f3 Bd4 39. Rc7+
Rd7 40. Rc2 a5 41. Ke4 b6 42. Kf4 Bc5 43. Kg5 Kf7 44. Kf4 Rd4+ 45. Kg3 Rd3 46.
Kf4 Rd1 47. Rh2 Rf1 48. Rd2 Ke7 49. Rd3 Rf2 50. Kg5 Rxa2 51. Kxg6 b5 52. Rc3
Bb4 53. Rc7+ Kd8 54. Rxg7 Ra3 55. h5 Rxb3 56. Rg8+ Ke7 57. h6 Bc3 58. Rg7+ Kd8
59. h7 Bxe5 60. h8=Q# 1-0

[Event "?"]
[Site "ICS Rated blitz match, 192.23"]
[Date "1997.??.??"]
[Round "?"]
[White "Brause"]
[Black "humanoid"]
[Result "0-1"]
[WhiteElo "2625"]
[BlackElo "2385"]
[PlyCount "164"]

1. e4 e5 2. Nf3 Nc6 3. Nc3 Nf6 4. Nxe5 Nxe5 5. d4 Ng6 6. e5 Ng8 7. Bc4 d5 8.
Nxd5 N8e7 9. Bg5 Be6 10. Ne3 Bxc4 11. Nxc4 h6 12. Bxe7 Bxe7 13. O-O O-O 14. Qg4
Qc8 15. Qe4 c6 16. b3 Nh4 17. Rae1 Qf5 18. Nd6 Bxd6 19. Qxh4 Bb4 20. Qe4 Qxe4
21. Rxe4 f5 22. Re3 Rad8 23. Rf3 Be7 24. Rd1 Rd7 25. h3 Rfd8 26. c3 Rf8 27. Kf1
h5 28. Ke2 g6 29. g3 Bg5 30. h4 Be7 31. Ke3 Kf7 32. Kf4 Ke6 33. Re1 Rfd8 34.
Rd3 c5 35. Red1 cxd4 36. Rxd4 Rxd4+ 37. cxd4 b5 38. Ke3 Rc8 39. Kf4 Kd5 40. Rd2
Rc1 41. f3 Rc3 42. Rd1 Rc2 43. g4 hxg4 44. fxg4 fxg4 45. Kxg4 a5 46. h5 gxh5+
47. Kxh5 Rxa2 48. Kg6 a4 49. Kf7 Bb4 50. bxa4 bxa4 51. Rf1 a3 52. Rf5 Re2 53.
e6+ Kxd4 54. Rf4+ Kc3 55. Rf3+ Kb2 56. Rf4 Bd6 57. Rf5 a2 58. Rb5+ Kc3 59. Ra5
Kb3 60. Rxa2 Rxa2 61. e7 Ra7 62. Ke6 Bxe7 63. Kd5 Kb4 64. Ke4 Bc5 65. Kf5 Kb5
66. Ke5 Kc6 67. Ke4 Rd7 68. Kf5 Bd4 69. Ke4 Kc5 70. Kf4 Re7 71. Kf5 Kd5 72. Kf4
Rf7+ 73. Kg5 Ke4 74. Kg4 Rg7+ 75. Kh5 Kf5 76. Kh4 Rg6 77. Kh5 Rg8 78. Kh4 Be5
79. Kh3 Kf4 80. Kh2 Kf3+ 81. Kh1 Bd4 82. Kh2 Rh8# 0-1

[Event "?"]
[Site "ICS Rated blitz match, 192.23"]
[Date "1997.??.??"]
[Round "?"]
[White "Brause"]
[Black "humanoid"]
[Result "1-0"]
[WhiteElo "2600"]
[BlackElo "2410"]
[PlyCount "71"]

1. e4 e5 2. Nf3 Nc6 3. Nc3 Nf6 4. Nxe5 Nxe5 5. d4 Ng6 6. e5 Ng8 7. Bc4 d5 8.
Nxd5 N8e7 9. Ne3 Be6 10. O-O Bxc4 11. Nxc4 Nd5 12. Na5 b6 13. Nb3 c6 14. c4 Nc7
15. f4 f5 16. Be3 Be7 17. g3 Qd7 18. Qf3 O-O 19. Rfd1 Rad8 20. Rac1 Rfe8 21.
Rc2 Nf8 22. d5 cxd5 23. cxd5 Na6 24. d6 Ne6 25. Qf1 Nac5 26. Nxc5 Nxc5 27. Bxc5
bxc5 28. dxe7 Qxd1 29. exd8=Q Qxf1+ 30. Kxf1 Rxd8 31. Rxc5 Rd1+ 32. Ke2 Rh1 33.
h4 Rh2+ 34. Kf3 Rxb2 35. Rc8+ Kf7 36. Rc7+ 1-0

[Event "?"]
[Site "ICS Rated blitz match, 192.23"]
[Date "1997.??.??"]
[Round "?"]
[White "Brause"]
[Black "humanoid"]
[Result "1/2-1/2"]
[WhiteElo "2605"]
[BlackElo "2400"]
[PlyCount "170"]

1. e4 e5 2. Nf3 Nc6 3. Nc3 Nf6 4. Nxe5 Nxe5 5. d4 Ng6 6. e5 Ng8 7. Bc4 d5 8.
Nxd5 N8e7 9. Qf3 c6 10. Nxe7 Qxe7 11. O-O Be6 12. Bd3 Qd7 13. Be3 Be7 14. b3
O-O 15. Bxg6 hxg6 16. Qf4 b5 17. c3 Bd5 18. Rac1 Ba3 19. Rc2 Qf5 20. Qxf5 gxf5
21. f3 a5 22. c4 bxc4 23. bxc4 Be6 24. Rd1 Rfd8 25. c5 Rab8 26. g3 a4 27. Rdd2
Rb1+ 28. Kg2 Rc1 29. h3 Rxc2 30. Rxc2 Rb8 31. Bf4 Rb2 32. Rd2 Bxa2 33. Kf2 Bd5
34. Ke2 Rxd2+ 35. Kxd2 Bb4+ 36. Ke2 a3 37. Bc1 a2 38. Bb2 Kf8 39. Ba1 Ba3 40.
Bc3 Ke8 41. Ba1 Kd7 42. h4 Kc8 43. Bc3 Kb7 44. Ba1 Ka6 45. g4 f4 46. h5 Be6 47.
g5 Bf5 48. Kd2 Kb5 49. Kc3 Bc1 50. h6 gxh6 51. gxh6 Bh7 52. Kb3 Bd2 53. Bb2 Be3
54. Bc3 Bf2 55. Bb2 Bh4 56. Kxa2 Bg5 57. Kb3 Bxh6 58. Kc3 Bg5 59. Ba3 Bh4 60.
Bc1 Be1+ 61. Kb3 Bd3 62. Bxf4 Be2 63. Bg5 Bxf3 64. e6 Bd1+ 65. Ka3 fxe6 66. Bf4
Bb4+ 67. Kb2 Kc4 68. Kc1 Bg4 69. Be3 Bc3 70. d5 Bd4 71. Bxd4 Kxd4 72. dxc6 e5
73. Kd2 Kxc5 74. c7 Kd6 75. Ke3 Kxc7 76. Ke4 Kd6 77. Kd3 Bf5+ 78. Kd2 Ke6 79.
Ke2 Kd5 80. Ke1 e4 81. Kf2 Kd4 82. Kg3 e3 83. Kf3 Kd3 84. Kg2 e2 85. Kf2 Kd2
1/2-1/2

[Event "?"]
[Site "ICS Rated blitz match, 192.23"]
[Date "1997.??.??"]
[Round "?"]
[White "Brause"]
[Black "humanoid"]
[Result "1-0"]
[WhiteElo "2605"]
[BlackElo "2400"]
[PlyCount "107"]

1. e4 e5 2. Nf3 Nc6 3. Nc3 Nf6 4. Nxe5 Nxe5 5. d4 Ng6 6. e5 Ng8 7. Bc4 d5 8.
Nxd5 N8e7 9. Ne3 c6 10. c3 Be6 11. Bxe6 fxe6 12. O-O Nd5 13. Qg4 Qd7 14. f4
Nxe3 15. Bxe3 Ne7 16. h3 h5 17. Qd1 Nf5 18. Bf2 h4 19. Qa4 Be7 20. Rae1 O-O 21.
Qb3 b5 22. Qc2 a6 23. Re2 Qe8 24. Qe4 Rc8 25. a4 Qd7 26. axb5 axb5 27. Ra1 Ra8
28. Ree1 Qd5 29. Qd3 Qc4 30. Qf3 Qd5 31. Qd3 Qc4 32. Qe4 Rfb8 33. Qf3 Qd5 34.
Qh5 c5 35. Kh1 c4 36. Qg6 b4 37. cxb4 Bxb4 38. Rxa8 Rxa8 39. Rd1 Be7 40. Rd2
Rb8 41. Kh2 Rb3 42. Qe8+ Kh7 43. Qh5+ Kg8 44. Qe8+ Bf8 45. Rc2 Ne3 46. Bxe3
Rxe3 47. Qc8 g5 48. Rf2 g4 49. hxg4 h3 50. gxh3 Re1 51. Kg3 Re3+ 52. Kh4 Kf7
53. f5 Be7+ 54. f6 1-0

[Event "?"]
[Site "ICS Rated blitz match, 192.23"]
[Date "1997.??.??"]
[Round "?"]
[White "Brause"]
[Black "humanoid"]
[Result "0-1"]
[WhiteElo "2615"]
[BlackElo "2395"]
[PlyCount "138"]

1. e4 e5 2. Nf3 Nc6 3. Nc3 Nf6 4. Nxe5 Nxe5 5. d4 Ng6 6. e5 Ng8 7. Bc4 d5 8.
Nxd5 N8e7 9. Bg5 Be6 10. Ne3 Bxc4 11. Nxc4 h6 12. Bxe7 Bxe7 13. O-O O-O 14. Qg4
Qc8 15. Qe4 c6 16. b3 f5 17. Qf3 f4 18. Qe4 Qe6 19. Rad1 f3 20. gxf3 Rf4 21. d5
cxd5 22. Qxd5 Qxd5 23. Rxd5 Rxf3 24. Rd7 b5 25. Nd6 Bxd6 26. exd6 Rf6 27. Rd1
Rf7 28. Rxf7 Kxf7 29. c4 bxc4 30. bxc4 Ke6 31. c5 Kd7 32. Rc1 Kc6 33. Rc4 Ne5
34. Re4 Nd7 35. Rg4 g5 36. f4 Rg8 37. Kg2 Nxc5 38. h4 Ne6 39. fxg5 hxg5 40. d7
Kxd7 41. Kf3 Rg7 42. hxg5 Rxg5 43. Rxg5 Nxg5+ 44. Kf4 Nf7 45. Ke3 Kc6 46. Kd4
Kb5 47. Kd5 a5 48. Ke4 Kc4 49. Ke3 Kc3 50. a4 Nd6 51. Ke2 Kc2 52. Ke1 Nc4 53.
Ke2 Nb6 54. Ke3 Nxa4 55. Kd4 Nc3 56. Kc4 a4 57. Kb4 Kb2 58. Kc5 a3 59. Kd6 a2
60. Ke7 Kb3 61. Ke6 Kc4 62. Ke5 a1=Q 63. Ke6 Qe1+ 64. Kf5 Kd5 65. Kf6 Qe6+ 66.
Kg5 Ke4 67. Kh4 Qg8 68. Kh5 Kf5 69. Kh4 Qg4# 0-1

[Event "?"]
[Site "ICS Rated blitz match, 192.23"]
[Date "1997.??.??"]
[Round "?"]
[White "Brause"]
[Black "humanoid"]
[Result "0-1"]
[WhiteElo "2590"]
[BlackElo "2420"]
[PlyCount "96"]

1. e4 e5 2. Nf3 Nc6 3. Nc3 Nf6 4. Nxe5 Nxe5 5. d4 Ng6 6. e5 Ng8 7. Bc4 d5 8.
Nxd5 N8e7 9. Bg5 Be6 10. Nxe7 Bxe7 11. Bxe6 fxe6 12. Bxe7 Qxe7 13. O-O O-O 14.
c3 Nf4 15. Qf3 c6 16. Rae1 Qg5 17. Re4 Nd5 18. Qd1 Rf4 19. Rxf4 Nxf4 20. Qf3
Rf8 21. Kh1 Qf5 22. Qd1 Qd3 23. f3 Qxd1 24. Rxd1 Rd8 25. g3 Ng6 26. f4 Kf7 27.
Kg2 c5 28. Kf3 Ne7 29. Ke4 cxd4 30. cxd4 Rc8 31. Rd2 h5 32. b3 Rc3 33. Rb2 Nd5
34. Re2 a5 35. f5 Ke7 36. fxe6 Kxe6 37. Re1 g5 38. h4 g4 39. Re2 Rxg3 40. Re1
b5 41. b4 a4 42. a3 Rxa3 43. Re2 Rb3 44. Re1 a3 45. Re2 a2 46. Re1 a1=Q 47. Re2
Qb1+ 48. Rc2 Re3# 0-1

[Event "?"]
[Site "ICS Rated blitz match, 192.23"]
[Date "1997.??.??"]
[Round "?"]
[White "Brause"]
[Black "ondulator"]
[Result "1-0"]
[WhiteElo "2525"]
[BlackElo "2030"]
[PlyCount "61"]

1. e4 Nc6 2. Nf3 e5 3. Nc3 Nf6 4. Nxe5 Nxe5 5. d4 Ng6 6. e5 Ng8 7. Bc4 d6 8.
Qf3 Be6 9. Qxb7 Bxc4 10. Qc6+ Ke7 11. exd6+ cxd6 12. Qxc4 Nf6 13. O-O Ke8 14.
Qc6+ Nd7 15. Nb5 Rc8 16. Qe4+ Be7 17. Nxd6+ Kf8 18. Nxc8 Qxc8 19. c4 h5 20. Be3
h4 21. Qf5 h3 22. gxh3 Nh4 23. Qg4 Qb7 24. f4 Nf6 25. Qe2 Rh6 26. f5 Rh5 27.
Rae1 Qe4 28. c5 Nd5 29. Qg4 Rg5 30. Bxg5 Nf3+ 31. Qxf3 1-0

[Event "?"]
[Site "ICS Rated blitz match, 192.23"]
[Date "1997.??.??"]
[Round "?"]
[White "Brause"]
[Black "oldtimer"]
[Result "1-0"]
[WhiteElo "2530"]
[BlackElo "2635"]
[PlyCount "32"]

1. e4 e5 2. Nf3 Nc6 3. Nc3 Nf6 4. Nxe5 Nxe5 5. d4 Ng6 6. e5 Ng8 7. Bc4 d5 8.
Bxd5 c6 9. Bb3 Be6 10. O-O Bxb3 11. axb3 f5 12. Qd3 f4 13. Ne2 Qh4 14. Qf3
O-O-O 15. Rxa7 Kb8 16. Ra4 N8e7 1-0

[Event "?"]
[Site "ICS Rated blitz match, 192.23"]
[Date "1997.??.??"]
[Round "?"]
[White "Brause"]
[Black "oldtimer"]
[Result "0-1"]
[WhiteElo "2550"]
[BlackElo "2615"]
[PlyCount "192"]

1. e4 e5 2. Nf3 Nc6 3. Nc3 Nf6 4. Nxe5 Nxe5 5. d4 Ng6 6. e5 Ng8 7. Bc4 d5 8.
Bxd5 c6 9. Bb3 Bb4 10. O-O Bxc3 11. bxc3 Be6 12. Qh5 Bxb3 13. cxb3 Qh4 14. Qxh4
Nxh4 15. Bg5 Ng6 16. Rfe1 N8e7 17. e6 fxe6 18. Rxe6 Kf7 19. Rae1 Rhe8 20. c4
Nf5 21. d5 cxd5 22. cxd5 Nf8 23. R6e5 Rxe5 24. Rxe5 Nd6 25. Re7+ Kg8 26. f3 Re8
27. Rxe8 Nxe8 28. Kf2 Kf7 29. Ke3 Nd7 30. Kd4 Nef6 31. g4 Nb6 32. Bxf6 Kxf6 33.
a4 Nd7 34. f4 g5 35. f5 Ke7 36. b4 Kd6 37. h3 Nf6 38. a5 Nxd5 39. Kc4 Nf6 40.
Kd4 h5 41. gxh5 Nxh5 42. b5 Nf6 43. Kc4 Ke5 44. Kd3 Kxf5 45. Ke3 Ke5 46. Kf2
Kf4 47. Kg2 Nd5 48. Kf2 Nc3 49. b6 a6 50. Kg2 Ne4 51. Kh2 Kf3 52. Kg1 Nd2 53.
h4 g4 54. h5 Ne4 55. h6 Nf6 56. h7 Nxh7 57. Kf1 Nf6 58. Ke1 Ne4 59. Kf1 Nd6 60.
Ke1 Nc4 61. Kd1 Nxa5 62. Kd2 Nc4+ 63. Kd3 Nxb6 64. Kd4 Nc8 65. Kd3 Kf4 66. Kc3
Ke4 67. Kd2 b5 68. Kc3 a5 69. Kd2 b4 70. Kc2 a4 71. Kd2 Nd6 72. Ke2 Kd4 73. Kf2
Nf5 74. Ke2 a3 75. Kd2 b3 76. Ke2 Kc3 77. Kf2 Kd2 78. Kg1 a2 79. Kg2 Ke2 80.
Kg1 b2 81. Kh2 Kf2 82. Kh1 a1=N 83. Kh2 b1=N 84. Kh1 Nd2 85. Kh2 Nc2 86. Kh1
Kg3 87. Kg1 Ne1 88. Kh1 Kh3 89. Kg1 g3 90. Kh1 Ne3 91. Kg1 Nd3 92. Kh1 Kg4 93.
Kg1 Kh4 94. Kh1 Kh3 95. Kg1 Nf3+ 96. Kh1 g2# 0-1

[Event "?"]
[Site "ICS Rated blitz match, 192.23"]
[Date "1997.??.??"]
[Round "?"]
[White "Brause"]
[Black "oldtimer"]
[Result "1-0"]
[WhiteElo "2565"]
[BlackElo "2625"]
[PlyCount "41"]

1. e4 e5 2. Nf3 Nc6 3. Nc3 Nf6 4. Nxe5 Nxe5 5. d4 Ng6 6. e5 Ng8 7. Bc4 d5 8.
Bxd5 c6 9. Bb3 Bb4 10. O-O Bxc3 11. bxc3 Be6 12. Qh5 Qd7 13. f4 f5 14. exf6
Nxf6 15. Qe2 Kf7 16. f5 Bxb3 17. fxg6+ Kxg6 18. Qd3+ Kf7 19. cxb3 h6 20. Bf4
Rhe8 21. Bxh6 1-0

[Event "?"]
[Site "ICS Rated blitz match, 192.23"]
[Date "1997.??.??"]
[Round "?"]
[White "Brause"]
[Black "oldtimer"]
[Result "0-1"]
[WhiteElo "2715"]
[BlackElo "2500"]
[PlyCount "230"]

1. e4 e5 2. Nf3 Nc6 3. Nc3 Nf6 4. Nxe5 Nxe5 5. d4 Ng6 6. e5 Ng8 7. Bc4 d5 8.
Bxd5 Bb4 9. Qf3 Qd7 10. Bxb7 Bxb7 11. Qxb7 Bxc3+ 12. bxc3 Rd8 13. Rb1 N8e7 14.
O-O O-O 15. Ba3 Rfe8 16. Qxa7 Ra8 17. Qc5 Qf5 18. Rfc1 Nf4 19. Kh1 Qe4 20. Rg1
Qxc2 21. Qxc7 Nfd5 22. Qd6 Red8 23. Qc5 Rdc8 24. Qd6 Qxc3 25. Bb2 Qc6 26. Qxc6
Rxc6 27. a3 Rb8 28. Ba1 Ra8 29. Rb3 f5 30. Rgb1 Kf7 31. g3 Ke6 32. Kg2 Rca6 33.
Bb2 Rb6 34. Rxb6+ Nxb6 35. Rc1 Rc8 36. Rxc8 Nbxc8 37. Kf3 Nb6 38. Ba1 Na4 39.
h4 Nd5 40. Ke2 Ndb6 41. Kd3 Kd5 42. Kc2 Kc4 43. h5 g5 44. hxg6 hxg6 45. f3 Nd5
46. f4 Nc7 47. Kd2 Ne6 48. Ke3 Nb6 49. Kf2 Nd5 50. Ke1 Kb3 51. Kd2 Kxa3 52. Kc2
Kb4 53. Kd3 Kb3 54. Kd2 Kc4 55. Bb2 Nxd4 56. Kd1 Ne6 57. Kd2 Kb3 58. Bc1 Nc5
59. Ke2 Ne4 60. Kf3 Nc5 61. Ke2 Kc2 62. Ba3 Ne6 63. Kf2 Kd3 64. Bd6 Ke4 65. Ba3
Nb6 66. Kg2 Ke3 67. Bc1+ Ke2 68. Ba3 Nc4 69. Be7 Ne3+ 70. Kh3 Kf3 71. Bb4 Ng4
72. Bd2 Nf2+ 73. Kh4 Ne4 74. Be1 Nd4 75. Kh3 Ne6 76. Kh4 Ke2 77. Bb4 Kf2 78. g4
Kf3 79. gxf5 gxf5 80. Ba3 Nxf4 81. Bb2 Ne6 82. Kh5 N4c5 83. Kg6 Ke4 84. Bc1
Kxe5 85. Bb2+ Ke4 86. Bc1 Nd3 87. Bd2 Ne5+ 88. Kf6 Nf4 89. Ke7 Nc4 90. Be1 Ne2
91. Bf2 Ne3 92. Kd7 f4 93. Kd6 Kf3 94. Be1 Ng2 95. Bd2 Ne3 96. Be1 Ke4 97. Bf2
Nd4 98. Kc5 Ndf5 99. Bg1 Kf3 100. Bh2 Ng3 101. Kd4 Nef5+ 102. Ke5 Ne3 103. Kd4
Ng4 104. Bg1 Ne2+ 105. Kd5 Nxg1 106. Kd4 Ke2 107. Ke4 f3 108. Kf5 f2 109. Kxg4
f1=Q 110. Kg5 Qf7 111. Kh6 Qg8 112. Kh5 Qg7 113. Kh4 Kf3 114. Kh5 Kf4 115. Kh4
Qh7# 0-1

[Event "?"]
[Site "ICS Rated blitz match, 192.23"]
[Date "1997.??.??"]
[Round "?"]
[White "Brause"]
[Black "oldtimer"]
[Result "1-0"]
[WhiteElo "2695"]
[BlackElo "2525"]
[PlyCount "98"]

1. e4 e5 2. Nf3 Nc6 3. Nc3 Nf6 4. Nxe5 Nxe5 5. d4 Ng6 6. e5 Ng8 7. Bc4 d5 8.
Bxd5 Bb4 9. Qf3 Qd7 10. Bxb7 Bxb7 11. Qxb7 Bxc3+ 12. bxc3 Rd8 13. Rb1 N8e7 14.
O-O O-O 15. Ba3 Rfe8 16. Qxa7 Ra8 17. Qc5 Qf5 18. Rb7 Nf4 19. f3 Qg5 20. g3 Ne6
21. Qb5 Qe3+ 22. Kh1 c6 23. Qb3 Nd5 24. Bc1 Qxc3 25. Qxc3 Nxc3 26. Bb2 Na4 27.
Ba1 Red8 28. c3 c5 29. Rd1 cxd4 30. cxd4 Nac5 31. Rbb1 Na6 32. d5 Nec7 33. d6
Ne6 34. f4 g6 35. Rd2 Nac5 36. Rc1 Ra4 37. Kg1 Rda8 38. Rcc2 Kf8 39. Kg2 Ke8
40. Kh1 Kd7 41. Re2 Rd4 42. Bxd4 Nxd4 43. Rxc5 Nxe2 44. Rc7+ Ke8 45. Rc4 Rxa2
46. Rc8+ Kd7 47. Rf8 Nd4 48. Rxf7+ Ke8 49. Rxh7 Nf5 1-0

[Event "?"]
[Site "ICS Rated blitz match, 192.23"]
[Date "1997.??.??"]
[Round "?"]
[White "Brause"]
[Black "brit"]
[Result "1-0"]
[WhiteElo "2740"]
[BlackElo "2030"]
[PlyCount "38"]

1. e4 e5 2. Nf3 Nc6 3. Nc3 Nf6 4. Nxe5 Nxe5 5. d4 Ng6 6. e5 Qe7 7. f4 d6 8. Be2
dxe5 9. fxe5 Nd7 10. O-O c6 11. Ne4 Qh4 12. Ng5 Be7 13. g3 Qxg5 14. Bxg5 Bxg5
15. Bc4 O-O 16. Qf3 Ndxe5 17. dxe5 Nxe5 18. Qe4 Nxc4 19. Qxc4 Be6 1-0